000 nam a22 7a 4500
999 _c126162
_d126162
008 170222b xxu||||| |||| 00| 0 eng d
050 _aBX3701.G2 1983 O8
100 _aKolvenbach, Peter-Hans
_928913
245 _aOur responsibility for God's creation
_cPeter-Hans Kolvenbach
260 _aHarare
_bArrupe College
_c1998
300 _a10p. ;
_c21cm.
650 _aHuman ecology
_xReligious aspects
_xChristianity
_928914
942 _2lcc
_cMONOGRAPH